Linear Programming and Network Flows.
Na minha lista:
| Principais autores: | , , |
|---|---|
| Formato: | Desconhecido |
| Publicado em: |
Hoboken, NJ., United States:
John Wiley & Sons, Inc.,
2009.
|
| Edição: | Fourth Edition. |
| Assuntos: | |
| Tags: |
Adicionar Tag
Sem tags, seja o primeiro a adicionar uma tag!
|
MARC
| LEADER | 00000 a2200000 4500 | ||
|---|---|---|---|
| 003 | CL-VaPUC | ||
| 005 | 20221013083808.0 | ||
| 008 | 221011t2010 ||||| |||| 00| 0 eng d | ||
| 999 | |c 438653 |d 438651 | ||
| 020 | |a 9780470462720 | ||
| 040 | |c Pontificia Universidad Católica de Valparaíso | ||
| 082 | 7 | |a 519.72 BAZ 2010 |2 22 | |
| 100 | |a Bazaraa, Mokhtar S |9 327449 |e author | ||
| 245 | |a Linear Programming and Network Flows. | ||
| 250 | |a Fourth Edition. | ||
| 260 | |a Hoboken, NJ., United States: |b John Wiley & Sons, Inc., |c 2009. | ||
| 300 | |a 748 páginas. | ||
| 583 | |k GC |c 20221011 | ||
| 650 | |a Programación lineal |9 23 | ||
| 650 | |a Análisis de red (Planificación) |9 876274 | ||
| 700 | |a Jarvis, John J |9 327453 |e author | ||
| 700 | |a Sherali, Hanif D |9 327450 |e author | ||
| 942 | |2 ddc |c BK | ||
| 952 | |0 0 |1 0 |2 ddc |4 0 |6 519_720000000000000_BAZ_2010 |7 0 |8 A |9 587175 |a BIBGIM |b BIBGIM |c GEN |d 2022-10-11 |e 3 |g 155510.00 |i 5655111 |o 519.72 BAZ 2010 |p 5655111 |r 2025-01-15 |t 1 |v 155510.00 |w 2022-10-11 |y BK |k EST | ||